[Event "M.Chigorin Memorial 2017 "]
[Site "?????-?????????"]
[Date "2017.10.28"]
[Round "8"]
[Board "135"]
[White "Orlov, Alexandr"]
[Black "Shkuratov, Vladimir"]
[Result "0-1"]
[WhiteElo "2075"]
[BlackElo "1887"]
[PlyCount "81"]
[EventDate "2017.10.21"]
[EventRounds "9"]
[EventCountry "RUS"]

1. b3 e5 2. Bb2 Nc6 3. e3 d5 4. Bb5 Bd6 5. Nf3 Qe7 6. O-O Nf6 7. h3 O-O 8. Be2
Re8 9. Re1 e4 10. Nh2 Ne5 11. d4 Ng6 12. a3 c6 13. c4 Be6 14. c5 Bc7 15. Nd2
Nd7 16. Ndf1 f5 17. f4 exf3 18. Nxf3 Nf6 19. Ng5 Bd7 20. Bd3 h6 21. Nf3 Ne4 22.
N3d2 Qg5 23. Nf3 Qf6 24. N3d2 Nxc5 25. dxc5 Qxb2 26. Qh5 Qf6 27. Nf3 Ne5 28.
Bc2 Nxf3+ 29. Qxf3 Re7 30. Ng3 g6 31. Rad1 Qe5 32. Kf2 Rae8 33. Rd3 f4 34. Nf1
Qb2 35. Re2 fxe3+ 36. Kg1 Rf7 37. Rdxe3 Rxf3 38. Rxe8+ Bxe8 39. Rxe8+ Kf7 40.
Bxg6+ Kxg6 41. gxf3  0-1

[Event "M.Chigorin Memorial 2017 "]
[Site "?????-?????????"]
[Date "2017.10.28"]
[Round "8"]
[Board "136"]
[White "Pavlov, Mikhail"]
[Black "Myshkovskiy, Sviatoslav"]
[Result "0-1"]
[WhiteElo "1849"]
[BlackElo "2062"]
[PlyCount "78"]
[EventDate "2017.10.21"]
[EventRounds "9"]
[EventCountry "RUS"]

1. e4 c5 2. Nf3 Nc6 3. Bb5 e6 4. O-O Nge7 5. Re1 a6 6. Bf1 d5 7. exd5 Qxd5 8.
Nc3 Qd8 9. b3 Nf5 10. Bb2 Be7 11. Ne2 O-O 12. d4 Bf6 13. c3 cxd4 14. Nexd4
Ncxd4 15. Nxd4 Nxd4 16. cxd4 Bd7 17. Bd3 Bc6 18. Qg4 Qa5 19. Re3 Qg5 20. Qh3 g6
21. Rd1 Rfd8 22. Bc4 Bd5 23. Be2 Rac8 24. Rc3 Rxc3 25. Bxc3 Rc8 26. Bd2 Qf5 27.
Bg4 Qc2 28. Bf4 Qxa2 29. Be5 Bxe5 30. dxe5 Qxb3 31. Qh6 Qb6 32. h4 Rc2 33. Qf4
Rc4 34. Qg3 Qb4 35. Be2 Rxh4 36. Qg5 Qf4 37. Qd8+ Kg7 38. Bf3 Qh2+ 39. Kf1 Bc4+
 0-1

[Event "M.Chigorin Memorial 2017 "]
[Site "?????-?????????"]
[Date "2017.10.28"]
[Round "8"]
[Board "137"]
[White "Zabolotnov, Evgeny"]
[Black "Efimenko, Aleksandr"]
[Result "1/2-1/2"]
[WhiteElo "2049"]
[BlackElo "1865"]
[PlyCount "135"]
[EventDate "2017.10.21"]
[EventRounds "9"]
[EventCountry "RUS"]

1. d4 d5 2. c4 e6 3. Nc3 c6 4. Bf4 f5 5. e3 Nf6 6. Nf3 Bd6 7. Bd3 O-O 8. O-O
Qe7 9. Qc2 a6 10. Bxd6 Qxd6 11. cxd5 cxd5 12. Na4 b6 13. Rfc1 Nbd7 14. Qc6 Qxc6
15. Rxc6 b5 16. Nc5 Nxc5 17. Rxc5 Bd7 18. Rac1 Kf7 19. Ne5+ Ke7 20. h3 Rfc8 21.
g4 g6 22. Nxd7 Kxd7 23. Rxc8 Rxc8 24. Rxc8 Kxc8 25. gxf5 exf5 26. a4 bxa4 27.
Bxa6+ Kc7 28. Bb5 Kb6 29. Bxa4 Ka5 30. Bb3 Kb4 31. Ba2 h6 32. Kg2 g5 33. f4
gxf4 34. exf4 Ka4 35. Kf3 Kb4 36. Ke3 Ka4 37. Kd2 Kb4 38. Kd3 Nh5 39. Ke3 Nf6
40. Bb1 Ne4 41. Bxe4 dxe4 42. b3 Kb5 43. Kd2 Kb4 44. Kc2 Kb5 45. Kc3 Kc6 46.
Kc4 Kb6 47. d5 Kc7 48. Kd4 Kb6 49. Kc4 Kc7 50. b4 Kb6 51. b5 Kc7 52. Kd4 Kb6
53. Kc4 Kc7 54. Kd4 Kb6 55. d6 Kb7 56. Kc3 Kb6 57. Kc4 Kb7 58. Kc5 e3 59. b6 e2
60. d7 e1=Q 61. d8=Q Qc1+ 62. Kb5 Qb2+ 63. Kc4 Qc2+ 64. Kb5 Qb2+ 65. Kc4 Qc2+
66. Kb4 Qb2+ 67. Kc5 Qc1+ 68. Kb5  1/2-1/2

[Event "M.Chigorin Memorial 2017 "]
[Site "?????-?????????"]
[Date "2017.10.28"]
[Round "8"]
[Board "138"]
[White "Kiseleva, Arina"]
[Black "Thrish, Karthik"]
[Result "1/2-1/2"]
[WhiteElo "2038"]
[BlackElo "1843"]
[PlyCount "82"]
[EventDate "2017.10.21"]
[EventRounds "9"]
[EventCountry "RUS"]

1. d4 Nf6 2. Nf3 g6 3. c4 Bg7 4. Nc3 O-O 5. e4 d6 6. Be2 e5 7. O-O Nc6 8. Be3
Ng4 9. Bg5 f6 10. Bh4 g5 11. Bg3 h5 12. d5 Ne7 13. Nd2 f5 14. h3 Nf6 15. f3 f4
16. Bf2 Ng6 17. c5 Rf7 18. cxd6 cxd6 19. Nc4 Bf8 20. Nb5 b6 21. a4 g4 22. fxg4
hxg4 23. Bxg4 Nxg4 24. hxg4 Rh7 25. a5 Qg5 26. Nbxd6 Bxg4 27. Qc2 Qh5 28. Be1
Qh2+ 29. Kf2 f3 30. Rg1 fxg2 31. Rxg2 Bxd6 32. Nxd6 Rf8+ 33. Nf5 Nf4 34. Rxh2
Rxh2+ 35. Kg3 Rxc2 36. Kxg4 Rc4 37. Nd6 Rc7 38. Nf5 Rc4 39. Nd6 Rc7 40. Nf5 Rc4
41. Nd6 Rc7  1/2-1/2

[Event "M.Chigorin Memorial 2017 "]
[Site "?????-?????????"]
[Date "2017.10.28"]
[Round "8"]
[Board "139"]
[White "Kutyanina, Mariya"]
[Black "Zolotyh, Lev"]
[Result "1/2-1/2"]
[WhiteElo "2020"]
[BlackElo "1831"]
[PlyCount "65"]
[EventDate "2017.10.21"]
[EventRounds "9"]
[EventCountry "RUS"]

1. e4 c5 2. Nc3 e6 3. f4 a6 4. Nf3 Nc6 5. d4 cxd4 6. Nxd4 Qc7 7. Be3 Bb4 8. Be2
Nf6 9. Qd3 O-O 10. O-O d6 11. a3 Bxc3 12. bxc3 e5 13. Nxc6 Qxc6 14. Bf3 Be6 15.
Rfd1 Rac8 16. f5 Bd7 17. Bg5 Qc5+ 18. Kh1 Bb5 19. Qxd6 Qxd6 20. Rxd6 Rxc3 21.
Bxf6 gxf6 22. Rxf6 Rxc2 23. h4 Rfc8 24. Kh2 R8c6 25. Rxc6 Bxc6 26. Rd1 Kg7 27.
Rd6 f6 28. Re6 Ra2 29. Re7+ Kg8 30. Re6 Kg7 31. Re7+ Kg8 32. Re6 Kg7 33. Re7+
 1/2-1/2

[Event "M.Chigorin Memorial 2017 "]
[Site "?????-?????????"]
[Date "2017.10.28"]
[Round "8"]
[Board "140"]
[White "Leonova, Ameliya"]
[Black "Tsapalin, Sergey"]
[Result "0-1"]
[WhiteElo "1798"]
[BlackElo "2016"]
[PlyCount "92"]
[EventDate "2017.10.21"]
[EventRounds "9"]
[EventCountry "RUS"]

1. e4 c5 2. Nf3 Nc6 3. Bb5 e5 4. O-O Bd6 5. c3 a6 6. Be2 Qc7 7. h3 Nf6 8. Qc2
O-O 9. d4 cxd4 10. cxd4 Nxd4 11. Nxd4 exd4 12. Qd3 Bc5 13. Nd2 d5 14. Bf3 dxe4
15. Nxe4 Nxe4 16. Bxe4 h6 17. b3 Bd7 18. Bb2 Bb5 19. Qf3 Bxf1 20. Rxf1 Rad8 21.
Rc1 Qe5 22. Bxb7 Qe7 23. Be4 Ba3 24. Bxa3 Qxa3 25. Rc6 Rd6 26. Rc7 Qa5 27. Rb7
Qe1+ 28. Kh2 Rf6 29. Qd3 Qxf2 30. Rd7 Qf4+ 31. Kh1 Qc1+ 32. Kh2 Rf1 33. Qxd4
Qf4+ 34. g3 Rf2+ 35. Bg2 Qxd4 36. Rxd4 Rxa2 37. g4 Rb8 38. Ra4 Rxa4 39. bxa4 g5
40. Bc6 a5 41. Kg2 Rb3 42. Bd5 Re3 43. Bc6 Kg7 44. Bd7 Kf6 45. Be8 Ke5 46. Bb5
Kf4  0-1

[Event "M.Chigorin Memorial 2017 "]
[Site "?????-?????????"]
[Date "2017.10.28"]
[Round "8"]
[Board "141"]
[White "Protasova, Anastasia"]
[Black "Dmitriev, Vladimir"]
[Result "0-1"]
[WhiteElo "1780"]
[BlackElo "2013"]
[PlyCount "26"]
[EventDate "2017.10.21"]
[EventRounds "9"]
[EventCountry "RUS"]

1. d4 d5 2. c4 c6 3. e3 Nf6 4. Nc3 e6 5. Nf3 Ne4 6. Bd3 f5 7. cxd5 exd5 8. Ne5
Qh4 9. O-O Bd6 10. f4 Nd7 11. Bd2 O-O 12. Rf3 Ndf6 13. Nxe4 fxe4  0-1

[Event "M.Chigorin Memorial 2017 "]
[Site "?????-?????????"]
[Date "2017.10.28"]
[Round "8"]
[Board "142"]
[White "Kuznetsov, Roman"]
[Black "Shakhmatov, Roman"]
[Result "1-0"]
[WhiteElo "2004"]
[BlackElo "1787"]
[PlyCount "71"]
[EventDate "2017.10.21"]
[EventRounds "9"]
[EventCountry "RUS"]

1. e4 e6 2. d4 d5 3. exd5 exd5 4. c4 Nf6 5. Nc3 Be7 6. Nf3 O-O 7. Bd3 dxc4 8.
Bxc4 Bg4 9. Be3 Nc6 10. O-O a6 11. Be2 Qd6 12. Qd2 Rad8 13. Rad1 Nd5 14. h3 Bf5
15. Bc4 Ncb4 16. Rfe1 b5 17. Bb3 Rfe8 18. Ne5 Be6 19. Ne4 Qb6 20. a3 Nc6 21.
Nxc6 Qxc6 22. Rc1 Qb6 23. Nc5 Bf5 24. Bg5 f6 25. Bh4 c6 26. Bg3 Bg6 27. Ne6 Rd7
28. Nc7 Red8 29. Re6 Bd6 30. Rxc6 Qxc6 31. Bxd5 Qxd5 32. Nxd5 Bxg3 33. Ne7+ Kf7
34. Qe3 Be5 35. Qb3 Bxd4 36. Re5+  1-0

[Event "M.Chigorin Memorial 2017 "]
[Site "?????-?????????"]
[Date "2017.10.28"]
[Round "8"]
[Board "143"]
[White "Natarov, Ilya"]
[Black "Smorodkin, Kirill"]
[Result "1-0"]
[WhiteElo "1961"]
[BlackElo "1769"]
[PlyCount "111"]
[EventDate "2017.10.21"]
[EventRounds "9"]
[EventCountry "RUS"]

1. d4 d5 2. c4 c6 3. Nc3 Nf6 4. e3 Bf5 5. cxd5 cxd5 6. Qb3 Nc6 7. Qxb7 Bd7 8.
Qb3 Rb8 9. Qd1 e5 10. dxe5 Nxe5 11. Nf3 Bd6 12. Be2 O-O 13. O-O Rb6 14. Nd4 Re8
15. b3 Bb8 16. Bd2 Nfg4 17. h3 Qh4 18. f4 Qg3 19. Bxg4 Bxg4 20. Qe1 Qxe1 21.
Rfxe1 Nd3 22. hxg4 Nxe1 23. Rxe1 a6 24. Kf2 Ba7 25. Rc1 Rd6 26. Nce2 Bb6 27.
Bb4 Rd7 28. Rc6 Rb8 29. Bc5 Rdb7 30. Bxb6 Rxb6 31. Rc5 Rd6 32. Nc3 Rbd8 33. Nf5
R6d7 34. Rc6 g6 35. Nd4 Ra8 36. Ke2 Kg7 37. Kd3 h6 38. Nf3 Raa7 39. Kd4 Rd8 40.
Nxd5 a5 41. a4 Rb7 42. Kc4 Rdb8 43. Nd4 Ra8 44. Rb6 Rc8+ 45. Kb5 Rd7 46. Nf6
Re7 47. e4 Rec7 48. Kxa5 Rc5+ 49. Kb4 Rc1 50. a5 Rd1 51. Nf3 Rd3 52. Nd5 f5 53.
gxf5 gxf5 54. Ne7 Rcc3 55. Nxf5+ Kf7 56. Ne5+  1-0

[Event "M.Chigorin Memorial 2017 "]
[Site "?????-?????????"]
[Date "2017.10.28"]
[Round "8"]
[Board "144"]
[White "Patarin, Arnaud"]
[Black "Pogorelskikh, Sofia"]
[Result "1-0"]
[WhiteElo "1766"]
[BlackElo "1959"]
[PlyCount "109"]
[EventDate "2017.10.21"]
[EventRounds "9"]
[EventCountry "RUS"]

1. c4 g6 2. g3 Bg7 3. Bg2 c5 4. Nc3 e6 5. Nf3 Nc6 6. O-O Nge7 7. d3 O-O 8. Bf4
d5 9. cxd5 exd5 10. Qc1 b6 11. Bh6 d4 12. Bxg7 Kxg7 13. Ne4 Be6 14. h3 h6 15.
g4 Rc8 16. Ng3 Nd5 17. Qd2 Qd6 18. a3 a5 19. Rae1 Nf4 20. Ne4 Qc7 21. Nh4 Nxg2
22. Nxg2 f5 23. Nf4 Bg8 24. gxf5 Rxf5 25. Ng2 Rcf8 26. f4 Ne7 27. Rf3 Nd5 28.
Ref1 Kh7 29. Ng3 Ne7 30. Nxf5 Nxf5 31. e4 dxe3 32. Nxe3 Nd4 33. R3f2 Qe7 34.
Nc2 Nf5 35. Qe2 Qd6 36. Qd2 Qf6 37. Ne3 Ng3 38. Re1 Qh4 39. Rh2 Qxf4 40. Rf2
Qd6 41. Rxf8 Qxf8 42. Qf2 Qxf2+ 43. Kxf2 Nh5 44. Nc4 Nf4 45. Re7+ Kh8 46. Ne5
Bh7 47. Kg3 g5 48. Nf7+ Kg8 49. Nxh6+ Kh8 50. Nf7+ Kg8 51. Nxg5 Nh5+ 52. Kh4
Ng7 53. Rb7 Nf5+ 54. Kg4 Ne3+ 55. Kf3  1-0

[Event "M.Chigorin Memorial 2017 "]
[Site "?????-?????????"]
[Date "2017.10.28"]
[Round "8"]
[Board "145"]
[White "Patel, Palak"]
[Black "Dushin, Nikolay"]
[Result "0-1"]
[WhiteElo "1741"]
[BlackElo "1956"]
[PlyCount "104"]
[EventDate "2017.10.21"]
[EventRounds "9"]
[EventCountry "RUS"]

1. e4 g6 2. d4 Bg7 3. Nc3 a6 4. f4 d5 5. e5 h5 6. Be3 Nh6 7. Nf3 Bg4 8. h3 Bf5
9. Bd3 Bxd3 10. Qxd3 Nf5 11. O-O-O h4 12. Bd2 e6 13. Ne2 Nc6 14. Qb3 Rb8 15.
Rdg1 Qd7 16. g4 hxg3 17. Qd3 Bf8 18. Nxg3 Nxg3 19. Rxg3 Ne7 20. Nh2 Nf5 21. Ng4
Be7 22. Rgg1 Qa4 23. Kb1 Qxd4 24. Qe2 Rd8 25. Bc1 Qb6 26. Qd3 c5 27. h4 c4 28.
Qc3 Qc5 29. h5 gxh5 30. Nf6+ Bxf6 31. exf6 d4 32. Qf3 Qd5 33. Qa3 Qd6 34. Qf3
Qd5 35. Qa3 h4 36. Rh2 Kd7 37. Rg5 Kc8 38. Rh3 Kb8 39. b3 d3 40. cxd3 cxd3 41.
Rg1 d2 42. Rc3 h3 43. Bxd2 h2 44. Rgc1 h1=Q 45. Rxh1 Rxh1+ 46. Bc1 Qd6 47. Qa4
Qd7 48. Qe4 Rd1 49. a4 Rc8 50. Rxc8+ Qxc8 51. Qe5+ Qc7 52. Qb2 Rxc1+  0-1

[Event "M.Chigorin Memorial 2017 "]
[Site "?????-?????????"]
[Date "2017.10.28"]
[Round "8"]
[Board "146"]
[White "Stepanyan, Eva"]
[Black "Terzyan, Nazar"]
[Result "0-1"]
[WhiteElo "1952"]
[BlackElo "1717"]
[PlyCount "64"]
[EventDate "2017.10.21"]
[EventRounds "9"]
[EventCountry "RUS"]

1. e4 c5 2. Nf3 Nc6 3. d4 cxd4 4. Nxd4 Nf6 5. Nc3 d6 6. f3 e6 7. Be3 Be7 8. Qd2
O-O 9. O-O-O a6 10. g4 Qc7 11. g5 Nd7 12. f4 b5 13. Nb3 Nc5 14. Nxc5 dxc5 15.
Qf2 Bb7 16. Bg2 Na5 17. f5 exf5 18. Qxf5 Rad8 19. Nd5 Bxd5 20. exd5 Nc4 21. Bf4
Bd6 22. Bxd6 Nxd6 23. Qd3 Qa5 24. Kb1 c4 25. Qf3 b4 26. Ka1 c3 27. b3 Qa3 28.
Rb1 Rb8 29. Qf4 Rb5 30. Qc1 Qxa2+ 31. Kxa2 Ra5+ 32. Qa3 Rxa3#  0-1

[Event "M.Chigorin Memorial 2017 "]
[Site "?????-?????????"]
[Date "2017.10.28"]
[Round "8"]
[Board "147"]
[White "Tsarkov, Mikhail"]
[Black "Klevets, Ksenia"]
[Result "0-1"]
[WhiteElo "1701"]
[BlackElo "1948"]
[PlyCount "54"]
[EventDate "2017.10.21"]
[EventRounds "9"]
[EventCountry "RUS"]

1. e4 c5 2. b3 Nc6 3. Bb2 a6 4. f4 e5 5. Nf3 d6 6. Bc4 Be6 7. Bxe6 fxe6 8. fxe5
dxe5 9. O-O Bd6 10. d3 Nf6 11. Ng5 Qe7 12. Nd2 b5 13. a4 O-O 14. Qe1 h6 15.
Ngf3 Nd4 16. Nxd4 cxd4 17. c3 Ng4 18. Qe2 dxc3 19. Qxg4 cxb2 20. Rab1 Rxf1+ 21.
Kxf1 Qc7 22. Ke2 Ba3 23. Qxe6+ Kh8 24. Qd5 Rd8 25. Qe6 Qc2 26. Qh3 Bb4 27. Qe3
Bxd2  0-1

[Event "M.Chigorin Memorial 2017 "]
[Site "?????-?????????"]
[Date "2017.10.28"]
[Round "8"]
[Board "148"]
[White "Novitckii, Andrei"]
[Black "Kuznetsov, Mikhail"]
[Result "1/2-1/2"]
[WhiteElo "1688"]
[BlackElo "1947"]
[PlyCount "106"]
[EventDate "2017.10.21"]
[EventRounds "9"]
[EventCountry "RUS"]

1. d4 Nf6 2. Nf3 e6 3. e3 d5 4. Bd3 c5 5. b3 Nc6 6. Nbd2 Qc7 7. Bb2 Bd6 8. c4
cxd4 9. exd4 O-O 10. O-O Bd7 11. Re1 a5 12. a3 Bf4 13. g3 Bh6 14. Ne5 g6 15. f4
Bg7 16. Rc1 Qd6 17. Ndf3 Ne7 18. Qe2 Rac8 19. c5 Qc7 20. b4 h6 21. b5 Rfd8 22.
a4 Be8 23. Ba3 Bf8 24. Rc2 b6 25. cxb6 Qxb6 26. Bc5 Qb8 27. Rec1 Nf5 28. Bxf8
Kxf8 29. Nc6 Bxc6 30. bxc6 Rc7 31. Bxf5 gxf5 32. Rb2 Qa7 33. Qe5 Ke7 34. Rcb1
Ng4 35. Qe2 Rdc8 36. Rb7 Qa8 37. Ne5 Nf6 38. Qb5 Ne4 39. Qb6 Kd6 40. Nxf7+ Rxf7
41. c7+ Kd7 42. Rb8 Qc6 43. Qxc6+ Kxc6 44. Rxc8 Nd6 45. Rc1+ Nc4 46. Ra8 Rxc7
47. Rxa5 Kd7 48. Rb5 Ra7 49. a5 Nd6 50. Rbc5 Ne4 51. Rb5 Nd6 52. Rbc5 Ne4 53.
Rb5 Nd6  1/2-1/2

[Event "M.Chigorin Memorial 2017 "]
[Site "?????-?????????"]
[Date "2017.10.28"]
[Round "8"]
[Board "149"]
[White "Kobozev, Aleksandr"]
[Black "Vorobyova, Valeriya"]
[Result "0-1"]
[WhiteElo "1554"]
[BlackElo "1945"]
[PlyCount "48"]
[EventDate "2017.10.21"]
[EventRounds "9"]
[EventCountry "RUS"]

1. e4 c5 2. c3 Nf6 3. e5 Nd5 4. Nf3 e6 5. d4 cxd4 6. cxd4 d6 7. Bc4 Nb6 8. Bd3
Be7 9. O-O Nc6 10. a3 Bd7 11. Nc3 Na5 12. b3 Bc6 13. Nd2 dxe5 14. b4 Qxd4 15.
Nb5 Bxb5 16. Bxb5+ Nc6 17. Qc2 Rc8 18. Bb2 Qd5 19. Bc4 Nxc4 20. Nxc4 Nd4 21.
Qa4+ b5 22. Qa6 Rxc4 23. Rac1 Ne2+ 24. Kh1 Nxc1  0-1

[Event "M.Chigorin Memorial 2017 "]
[Site "?????-?????????"]
[Date "2017.10.28"]
[Round "8"]
[Board "150"]
[White "Fedorov, Ivan"]
[Black "Nikonov, Alexej"]
[Result "0-1"]
[WhiteElo "1745"]
[BlackElo "2052"]
[PlyCount "79"]
[EventDate "2017.10.21"]
[EventRounds "9"]
[EventCountry "RUS"]

1. e4 d5 2. Nc3 d4 3. Nce2 c5 4. Nf3 Nc6 5. Ng3 a6 6. Bc4 e6 7. a3 g6 8. d3 Bg7
9. Bg5 Qc7 10. O-O h6 11. Bh4 g5 12. Nh5 Bf8 13. Bg3 e5 14. Nd2 Be6 15. Qf3 Qe7
16. Bd5 g4 17. Qe2 Qg5 18. f4 Qxh5 19. f5 Bd7 20. Bxc6 Bxc6 21. Bxe5 Rh7 22. h3
f6 23. hxg4 Qh4 24. Bh2 Rg7 25. Rf4 Bd6 26. Nf3 Qxh2+ 27. Nxh2 Bxf4 28. Nf1 Ne7
29. g3 Bc7 30. Qh2 Ng8 31. Re1 O-O-O 32. Qh3 Rg5 33. Nh2 h5 34. Qh4 Nh6 35. e5
Nxg4 36. exf6 Nxh2 37. Rf1 Rxg3+ 38. Kf2 Rf3+ 39. Ke2 Re8+ 40. Kd2  0-1

[Event "M.Chigorin Memorial 2017 "]
[Site "?????-?????????"]
[Date "2017.10.28"]
[Round "8"]
[Board "151"]
[White "Sakalli, Selcuk Orkun"]
[Black "Andrijashkin, Deniss"]
[Result "0-1"]
[WhiteElo "1699"]
[BlackElo "1929"]
[PlyCount "56"]
[EventDate "2017.10.21"]
[EventRounds "9"]
[EventCountry "RUS"]

1. d4 Nf6 2. c4 g6 3. Nc3 Bg7 4. e4 d6 5. Nf3 O-O 6. Be2 e5 7. Be3 Nbd7 8. d5
a5 9. Nd2 Ne8 10. a3 f5 11. f3 Ndf6 12. b4 b6 13. Na4 Nh5 14. c5 axb4 15. axb4
bxc5 16. bxc5 Nf4 17. Bf1 Qg5 18. Kf2 Nh3+ 19. gxh3 f4 20. Nc4 fxe3+ 21. Nxe3
Nf6 22. Nc3 Bh6 23. Ng2 Rxa1 24. Qxa1 Bxh3 25. Qe1 Ng4+ 26. Ke2 Bxg2 27. Bxg2
Qe3+ 28. Kd1 Qd3+  0-1

[Event "M.Chigorin Memorial 2017 "]
[Site "?????-?????????"]
[Date "2017.10.28"]
[Round "8"]
[Board "152"]
[White "Schetchikov, Vladimir"]
[Black "Kozyakov, Andrey"]
[Result "1-0"]
[WhiteElo "1916"]
[BlackElo "1727"]
[PlyCount "87"]
[EventDate "2017.10.21"]
[EventRounds "9"]
[EventCountry "RUS"]

1. c4 e5 2. Nc3 Nf6 3. g3 c6 4. Nf3 d6 5. Bg2 Be6 6. d3 Be7 7. O-O Qd7 8. Ng5
Bf5 9. e4 Bg4 10. f3 Bh5 11. b4 h6 12. Nh3 d5 13. c5 Na6 14. a3 Nc7 15. Kh1 Ne6
16. Ne2 dxe4 17. dxe4 Qxd1 18. Rxd1 Nxe4 19. g4 Bxg4 20. fxg4 N4g5 21. Nxg5
hxg5 22. Bb2 f6 23. Be4 Kf7 24. Bf5 Nf4 25. Nxf4 gxf4 26. Kg2 g6 27. Bc2 Rad8
28. Rxd8 Rxd8 29. Rd1 Rd5 30. Bb3 Ke6 31. h4 e4 32. h5 gxh5 33. gxh5 Bf8 34.
Bxd5+ cxd5 35. Bd4 Bh6 36. Kf2 Kf5 37. Rg1 Bg5 38. b5 Bh4+ 39. Kf1 e3 40. c6
Ke4 41. Bxa7 d4 42. Bxd4 Kxd4 43. Ke2 f5 44. Kf3  1-0

[Event "M.Chigorin Memorial 2017 "]
[Site "?????-?????????"]
[Date "2017.10.28"]
[Round "8"]
[Board "153"]
[White "Razumovskiy, Mikhail"]
[Black "Zakharov, Yuri"]
[Result "1/2-1/2"]
[WhiteElo "1908"]
[BlackElo "1681"]
[PlyCount "78"]
[EventDate "2017.10.21"]
[EventRounds "9"]
[EventCountry "RUS"]

1. d4 Nf6 2. c4 g6 3. f3 Bg7 4. e4 d6 5. Nc3 Nc6 6. Be3 a6 7. Bd3 e5 8. d5 Nd4
9. Nge2 Nd7 10. Qd2 Nc5 11. Bb1 Nxe2 12. Qxe2 a5 13. Bc2 O-O 14. Na4 Nxa4 15.
Bxa4 f5 16. Bc2 Bh6 17. O-O-O Bxe3+ 18. Qxe3 f4 19. Qf2 Qf6 20. c5 a4 21. Rd3
Bd7 22. Rc3 Ra5 23. a3 Rfa8 24. Bd3 Qe7 25. cxd6 Qxd6 26. Qc2 c5 27. dxc6 Bxc6
28. Rd1 Qe7 29. Kb1 Kg7 30. Rc1 Rd8 31. Rd1 Rd4 32. Be2 Rxd1+ 33. Bxd1 Qd6 34.
Be2 Qe7 35. h3 Qd6 36. Rd3 Qe7 37. Rc3 Qd6 38. Rd3 Qe7 39. Rc3 Qd6  1/2-1/2

[Event "M.Chigorin Memorial 2017 "]
[Site "?????-?????????"]
[Date "2017.10.28"]
[Round "8"]
[Board "154"]
[White "Shojhet, Sofiy"]
[Black "Murzina, Agata"]
[Result "1-0"]
[WhiteElo "1905"]
[BlackElo "1637"]
[PlyCount "65"]
[EventDate "2017.10.21"]
[EventRounds "9"]
[EventCountry "RUS"]

1. e4 e5 2. Nf3 Nc6 3. Bb5 Nf6 4. O-O d6 5. Nc3 a6 6. Bxc6+ bxc6 7. d4 exd4 8.
Nxd4 Bb7 9. Re1 Be7 10. Nf5 O-O 11. h4 g6 12. Nxe7+ Qxe7 13. Bg5 Qe6 14. Qf3
Nd7 15. Rad1 Rfe8 16. Qg3 Kh8 17. f4 Rg8 18. Re3 f6 19. Bh6 Rae8 20. Rde1 Qf7
21. Qf2 Nb6 22. Rg3 Bc8 23. b3 Qe6 24. Rge3 Qg4 25. e5 Re6 26. exf6 Rxf6 27.
Re8 c5 28. R1e7 Rff8 29. Bxf8 h5 30. Bg7+ Kh7 31. Bf6+ Rg7 32. Rxg7+ Kh6 33.
Rh8#  1-0

[Event "M.Chigorin Memorial 2017 "]
[Site "?????-?????????"]
[Date "2017.10.28"]
[Round "8"]
[Board "155"]
[White "Pradeep, Pandya"]
[Black "Rubtsov, Aleksandr"]
[Result "1/2-1/2"]
[WhiteElo "1571"]
[BlackElo "1895"]
[PlyCount "86"]
[EventDate "2017.10.21"]
[EventRounds "9"]
[EventCountry "RUS"]

1. d4 d5 2. c4 e6 3. Nc3 Nf6 4. Bg5 c6 5. Nf3 dxc4 6. e4 b5 7. e5 h6 8. Bh4 g5
9. Bg3 Nd5 10. Nxd5 Qxd5 11. a3 Bb7 12. Qd2 Nd7 13. Be2 Be7 14. O-O Nb6 15. Ne1
O-O-O 16. Rd1 Kb8 17. f4 c5 18. Qa5 cxd4 19. Bf3 Qd7 20. f5 Bc5 21. b4 cxb3 22.
Nd3 Nc4 23. Nxc5 Nxa5 24. Nxd7+ Rxd7 25. fxe6 fxe6 26. Bg4 Bd5 27. Rxd4 Nc4 28.
Rb1 Nxa3 29. Rxb3 Bxb3 30. Rxd7 Bd5 31. Bf2 a5 32. Re7 Rc8 33. Ba7+ Ka8 34. Bb6
Nc4 35. Bd4 Rc6 36. Be2 a4 37. Bh5 Ra6 38. Be8 Bc6 39. Rxe6 Kb7 40. Re7+ Kc8
41. Re6 Kb7 42. Re7+ Kc8 43. Re6 Kb7  1/2-1/2

[Event "M.Chigorin Memorial 2017 "]
[Site "?????-?????????"]
[Date "2017.10.28"]
[Round "8"]
[Board "156"]
[White "Bulsoev, Alexander"]
[Black "Arbuzov, Timofey"]
[Result "0-1"]
[WhiteElo "1853"]
[BlackElo "1658"]
[PlyCount "114"]
[EventDate "2017.10.21"]
[EventRounds "9"]
[EventCountry "RUS"]

1. e4 d6 2. d4 Nf6 3. Nc3 Nbd7 4. Nf3 e5 5. Bc4 Be7 6. Ng5 O-O 7. Bxf7+ Rxf7 8.
Ne6 Qe8 9. Nxc7 Qd8 10. Nxa8 b6 11. O-O Bb7 12. Be3 Bxa8 13. d5 Nc5 14. Bxc5
bxc5 15. Qe2 Bb7 16. a4 Bf8 17. Nb5 a6 18. Na3 g6 19. c3 Nh5 20. g3 Bc8 21. h4
Be7 22. Kg2 Bxh4 23. Rh1 Qg5 24. Rxh4 Nf4+ 25. Rxf4 exf4 26. Qd3 h5 27. Rh1 f3+
28. Kh2 h4 29. Rg1 Qg4 30. Qf1 Rh7 31. Rg2 Qh3+ 32. Kg1 hxg3 33. fxg3 Qxg2+ 34.
Qxg2 fxg2 35. Kxg2 Rb7 36. Nc4 Rd7 37. a5 Kg7 38. Kf3 Kf6 39. Kf4 g5+ 40. Ke3
Rd8 41. b4 cxb4 42. cxb4 Ke7 43. Kd4 Bb7 44. Ne3 Rh8 45. Nf5+ Kd7 46. Ng7 Rh3
47. Nf5 Bc8 48. e5 dxe5+ 49. Kxe5 Kc7 50. d6+ Kd8 51. Nd4 Rxg3 52. Nc6+ Ke8 53.
Ne7 Re3+ 54. Kd4 Rxe7 55. dxe7 Kxe7 56. Ke5 g4 57. Kf4 Kd6  0-1

[Event "M.Chigorin Memorial 2017 "]
[Site "?????-?????????"]
[Date "2017.10.28"]
[Round "8"]
[Board "157"]
[White "Khodko, Yurii N."]
[Black "Yurasova, Daria"]
[Result "0-1"]
[WhiteElo "1583"]
[BlackElo "1849"]
[PlyCount "52"]
[EventDate "2017.10.21"]
[EventRounds "9"]
[EventCountry "RUS"]

1. e4 e5 2. Nf3 Nc6 3. Bb5 a6 4. Ba4 Nf6 5. O-O b5 6. Bb3 Bc5 7. c3 d6 8. d4
Bb6 9. a4 Bb7 10. axb5 axb5 11. Rxa8 Qxa8 12. dxe5 Nxe5 13. Nxe5 dxe5 14. Qe2
O-O 15. Nd2 Nxe4 16. Nxe4 Bxe4 17. Qxb5 Bxg2 18. Re1 Bh1 19. Kf1 Qg2+ 20. Ke2
Qxf2+ 21. Kd1 Rd8+ 22. Bd5 Bf3+ 23. Re2 Rxd5+ 24. Bd2 Rxb5 25. Be3 Qxe2+ 26.
Kc1 Qxb2#  0-1

[Event "M.Chigorin Memorial 2017 "]
[Site "?????-?????????"]
[Date "2017.10.28"]
[Round "8"]
[Board "158"]
[White "Kozlov, Mikhail"]
[Black "Chekletsova, Darya"]
[Result "1/2-1/2"]
[WhiteElo "1813"]
[BlackElo "1636"]
[PlyCount "139"]
[EventDate "2017.10.21"]
[EventRounds "9"]
[EventCountry "RUS"]

1. e4 c5 2. Nf3 d6 3. b4 b6 4. Bb2 Bb7 5. bxc5 bxc5 6. Nc3 Nc6 7. Bb5 e6 8. d4
cxd4 9. Nxd4 Rc8 10. O-O Nf6 11. Nd5 Nd7 12. Nxc6 Bxc6 13. Bxc6 Rxc6 14. Re1 e5
15. Qe2 Be7 16. Rad1 O-O 17. Rd3 Bf6 18. Rf3 Be7 19. Ba3 Nb6 20. c4 Nxd5 21.
cxd5 Rc7 22. Qd2 Qd7 23. Rc1 Rfc8 24. Rfc3 Rxc3 25. Rxc3 Rxc3 26. Qxc3 h6 27.
Qc6 Qd8 28. Kf1 Kh7 29. Bb4 Qb8 30. Qc4 Bd8 31. a4 a5 32. Be1 Bc7 33. Qb5 Qa7
34. Qc6 Bb6 35. Ke2 Bc7 36. Bd2 Qb8 37. Qb5 Qd8 38. g3 Bb6 39. f3 Qc7 40. Kd3
Qa7 41. h3 Bc7 42. Be3 Qa8 43. Bb6 Qd8 44. Be3 Qc8 45. g4 Qd8 46. Qc6 Qb8 47.
Qb5 Qd8 48. Qb7 Kg8 49. Kc4 Qd7 50. Qc6 Qd8 51. Ba7 Kh7 52. Kb5 Qe7 53. Ka6 Bd8
54. Bb8 Qg5 55. Qxd6 Bf6 56. Kxa5 Qd2+ 57. Kb6 Qd4+ 58. Kb5 Qd3+ 59. Kc6 Qc4+
60. Kd7 Qxa4+ 61. Qc6 Qb3 62. Bd6 Qxf3 63. Be7 Bxe7 64. Kxe7 Qxh3 65. Kxf7 Qf3+
66. Ke8 Qxe4 67. Qe6 Qa4+ 68. Kf7 Qa7+ 69. Kf8 Qa8+ 70. Kf7  1/2-1/2